000 00710nam a2200241 a 4500
008
020 _a0471506478 (hbk.)
049 _aMAIN
090 _aQR100
_bENV
245 0 0 _aEnvironmental microbiology /
_cedited by Ralph Mitchell.
260 _aNew York :
_bWiley-Liss,
_cc1992.
300 _axi, 411 p. :
_bill. ;
_c24 cm.
440 0 _aEcological and applied microbiology.
504 _aIncludes bibliographical references.
500 _aIncludes index.
650 0 _aMicrobial ecology.
700 1 _aMitchell, Ralph.
907 _a.b10116321
_b18-08-14
_c31-03-04
003
005 20230123133650.0
040 _cNUST
942 _cBOOKS
_kQR100
_mENV
999 _c152511
_d152511